| 000 | 00000nam##2200000za#4500 |
| 001 | 9.697136 |
| 003 | CaOODSP |
| 005 | 20210624235340 |
| 007 | cr ||||||||||| |
| 008 | 150407|2002||||xxc|||||o f|0| 0 eng|d |
| 040 | |aCaOODSP|beng |
| 043 | |an-cn--- |
| 086 | 1 |aT52-4/79-2002E-PDF |
| 110 | 1 |aCanada.|bTransport Canada. |bSafety and Security. |
| 245 | 10|aWildlife control : |h[electronic resource]|bprocedures manual / |c[by] Aerodrome Safety Branch. |
| 260 | |aOttawa - Ontario : |bTransport Canada. |c[2002]. |
| 300 | |a270p.|bfigs., tables |
| 504 | |aBibliography. |
| 590 | |a13-02-Supp|b2013-01-11 |
| 690 | 07|aAirports|2gcpds |
| 690 | 07|aWildlife management|2gcpds |
| 775 | 08|tLa gestion de la faune : |w(CaOODSP)9.641204 |
| 856 | 40|ahttp://publications.gc.ca|qPDF|s1.10 MB|uhttps://publications.gc.ca/collections/collection_2013/tc/T52-4-79-2002-eng.pdf |
| 986 | |aTP 11500 E (03/2002) |